Пелециподы нижнего девона Алтая; Труды научной конференции по изучению и освоению производительных сил Сибири (25-30 июня 1939 г.); Т. 2

書目詳細資料
Parent link:Труды научной конференции по изучению и освоению производительных сил Сибири (25-30 июня 1939 г.)
Т. 2.— 1940.— С. 256-289
主要作者: Халфин Л. Л.
語言:俄语
出版: 1940
主題:
格式: MixedMaterials Book Chapter
KOHA link:https://koha.lib.tpu.ru/cgi-bin/koha/opac-detail.pl?biblionumber=592055

MARC

LEADER 00000naa0a2200000 4500
001 592055
005 20250828111736.0
035 |a (RuTPU)RU\TPU\tpu\3299 
035 |a TPU00003299 
090 |a 592055 
100 |a 20011210d1940 k||y0rusy50 ca 
101 0 |a rus 
102 |a RU 
200 1 |a Пелециподы нижнего девона Алтая  |f Л. Л. Халфин 
320 |a Библиогр.: 38 назв. 
461 1 |t Труды научной конференции по изучению и освоению производительных сил Сибири (25-30 июня 1939 г.) 
463 1 |t Т. 2  |v С. 256-289  |d 1940 
610 1 |a биологические науки 
610 1 |a палеонтология 
610 1 |a труды учёных ТПУ 
700 1 |a Халфин  |b Л. Л. 
801 0 |a RU  |b 63413507  |c 20011210  |g PSBO 
801 2 |a RU  |b 63413507  |c 20070125  |g PSBO 
942 |c BK